000 00641nam a22002057a 4500
005 20251108170549.0
008 250721s1998 xx 000 0 ara d
082 1 4 _aط/926/شرق
100 1 _aالشرقاوي، كامل
245 1 0 _aأديسون أعظم المخترعين /
264 1 _aالقاهره :
_bمؤسسة دار التعاون للطبع و النشر،
_c1998.
300 _a24ص
490 0 _aسلسلة شخصيات عالمية
650 1 7 _aالعلماء
650 1 7 _aالتراجم
650 1 7 _aالشخصيات
653 _aناشئون صغار (10-*14) سنة
942 _2ddc
_cBK
999 _c43608
_d43608